<?xml version="1.0" encoding="UTF-8"?><?xml-stylesheet type="text/xsl" href="static/style.xsl"?><OAI-PMH xmlns="http://www.openarchives.org/OAI/2.0/" xmlns:xsi="http://www.w3.org/2001/XMLSchema-instance" xsi:schemaLocation="http://www.openarchives.org/OAI/2.0/ http://www.openarchives.org/OAI/2.0/OAI-PMH.xsd"><responseDate>2026-04-29T01:08:53Z</responseDate><request verb="GetRecord" identifier="oai:riubu.ubu.es:10259/4567" metadataPrefix="marc">https://riubu.ubu.es/oai/request</request><GetRecord><record><header><identifier>oai:riubu.ubu.es:10259/4567</identifier><datestamp>2022-04-29T12:02:46Z</datestamp><setSpec>com_10259_4244</setSpec><setSpec>com_10259_5086</setSpec><setSpec>com_10259_2604</setSpec><setSpec>col_10259_4245</setSpec></header><metadata><record xmlns="http://www.loc.gov/MARC21/slim" xmlns:doc="http://www.lyncode.com/xoai" xmlns:xsi="http://www.w3.org/2001/XMLSchema-instance" xmlns:dcterms="http://purl.org/dc/terms/" xsi:schemaLocation="http://www.loc.gov/MARC21/slim http://www.loc.gov/standards/marcxml/schema/MARC21slim.xsd">
<leader>00925njm 22002777a 4500</leader>
<datafield tag="042" ind1=" " ind2=" ">
<subfield code="a">dc</subfield>
</datafield>
<datafield tag="720" ind1=" " ind2=" ">
<subfield code="a">Melgosa Gómez, Rodrigo</subfield>
<subfield code="e">author</subfield>
</datafield>
<datafield tag="720" ind1=" " ind2=" ">
<subfield code="a">Sanz Díez, Mª Teresa</subfield>
<subfield code="e">author</subfield>
</datafield>
<datafield tag="720" ind1=" " ind2=" ">
<subfield code="a">García Solaesa, Ángela</subfield>
<subfield code="e">author</subfield>
</datafield>
<datafield tag="720" ind1=" " ind2=" ">
<subfield code="a">Paz Barragán, Esther de</subfield>
<subfield code="e">author</subfield>
</datafield>
<datafield tag="720" ind1=" " ind2=" ">
<subfield code="a">Beltrán Calvo, Sagrario</subfield>
<subfield code="e">author</subfield>
</datafield>
<datafield tag="720" ind1=" " ind2=" ">
<subfield code="a">Lamas, Daniela L.</subfield>
<subfield code="e">author</subfield>
</datafield>
<datafield tag="260" ind1=" " ind2=" ">
<subfield code="c">2017-01</subfield>
</datafield>
<datafield tag="520" ind1=" " ind2=" ">
<subfield code="a">Supercritical carbon dioxide (SC-CO2) has been used as green solvent in the lipase-catalyzed ethanolysis of fish oil by Lipozyme RM IM at mild, non-oxidative conditions and with no solvent residues. The effect of experimental conditions, initial substrate ethanol/oil molar ratio (2–38), pressure (7.5–30 MPa), and temperature (323.15–353.15 K) on equilibrium conversion, reaction rate and oxidative status of the products has been studied. No ethanol inhibition has been observed at high concentrations of ethanol, when putting in contact first the fish oil with the enzyme avoiding direct contact between the biocatalyst and ethanol. Operating pressure affected positively the reaction performance in the range investigated. Visual observation of the phase behaviour of the initial reaction mixture showed an “expanded liquid phase” that helped enhancing reaction rate, and a gas phase. Raising temperature accelerated the reaction up to a limit (343.15 K), observing higher enzyme thermal stability than in other reaction media (313.15 K). However, lipid oxidation increases with temperature. Up to 86 ± 1% FAEE yield has been found at MR = 6:1, 30 MPa and 323.15 K. Kinetic data have been correlated by using a mathematical model based on the elementary reactions of the 3-step transesterification. Kinetic rate constants, apparent activation volumes and energies are reported for the first time for a lipase-catalyzed ethanolysis reaction in SC-CO2.</subfield>
</datafield>
<datafield tag="024" ind2=" " ind1="8">
<subfield code="a">2212-9820</subfield>
</datafield>
<datafield tag="024" ind2=" " ind1="8">
<subfield code="a">http://hdl.handle.net/10259/4567</subfield>
</datafield>
<datafield tag="024" ind2=" " ind1="8">
<subfield code="a">10.1016/j.jcou.2016.11.011</subfield>
</datafield>
<datafield ind1=" " ind2=" " tag="653">
<subfield code="a">Omega 3</subfield>
</datafield>
<datafield ind1=" " ind2=" " tag="653">
<subfield code="a">Lipase</subfield>
</datafield>
<datafield ind1=" " ind2=" " tag="653">
<subfield code="a">Ethanolysis</subfield>
</datafield>
<datafield ind1=" " ind2=" " tag="653">
<subfield code="a">Supercritical carbon dioxide</subfield>
</datafield>
<datafield tag="245" ind1="0" ind2="0">
<subfield code="a">Supercritical carbon dioxide as solvent in the lipase-catalyzed ethanolysis of fish oil: kinetic study</subfield>
</datafield>
</record></metadata></record></GetRecord></OAI-PMH>